| 000 | 00477nam a22001457a 4500 | ||
|---|---|---|---|
| 008 | 230322b |||||||| |||| 00| 0 eng d | ||
| 040 |
_aNational Science Library _cNational Science Library |
||
| 080 |
_a658.17:5.001.5 _bJ2 |
||
| 245 |
_aTenth report from the select committee on estimates _c/ Her Majesty's Stationery Office |
||
| 260 |
_aLondon: _bHer Majesty's Stationery Office _c1951 |
||
| 300 | _a148p. | ||
| 650 | _aManagement | ||
| 653 | _aCommittee | ||
| 942 |
_2udc _cREP |
||
| 999 |
_c12205 _d12205 |
||